00839nam a2200181Ia 4500008004100000020002200041050002000063100002300083245019700106250001000303260002300313300001800336500018200354650003000536700002600566700003300592700003200625120626s9999 xx 000 0 und d a978-968-24-3945-204aRC454 S342 19901 aSARASON, Irwing G.10aPsicología anormal los problemas de la conducta desadaptada/ cautor, Irwing G, Sarason; coautor, Bárbara G. Sarason; traductor, Mari Luz Caso Sáinz; revisión técnica, Isaac Seligson a3a Ed aMéxico bTrillas a617 páginas aContiene: Prólogo Índice de contenido Introducción Bibliografía Glosario Agradecimientos Índice onomástico Índice analítico Traducción de: Abnormal Psychology17aPSICOLOGÍA PATOLÓGICA1 aSARASON, Bárbara G.1 aCASO SÁINZ, Mari Luz trad.1 aSELIGSON, Isaac rev. téc.